Estadísticas para Fechas históricas

Haz click aquí para tomar la prueba!

Estadísticas generales

  • Esta prueba ha sido tomada 160 veces
  • La puntuación promedio es 12 de 20

Estadísticas de respuestas

Evento Answer % Correcto
Inicio de la 1ra Guerra Mundial1914
99%
Atentado contra las Torres Gemelas2001
98%
Descubrimiento de América1492
97%
Nacimiento de Jesús0
97%
Guerra Civil Española1936
82%
Revolución Rusa1917
80%
Hundimiento del Titanic1912
80%
Caída del Muro de Berlín1989
76%
Fin de la URSS1991
71%
Firma del Tratado de Versalles1919
65%
Accidente de Chernobil1986
58%
Primer hombre en el espacio1961
52%
Inicio de la Aviación1903
49%
Independencia de México1821
39%
Inicio de la Guerra Espacial1957
34%
Se descubre el SIDA1983
29%
Publicación de la Teoría de la Relatividad1916
24%
Inicios de la televisión1932
20%
Inicios del Internet1969
20%
Descubrimiento de la Penicilina1928
15%

Distribución de puntuación

Porcentaje por número respondido

Porcentaje de gente con cada puntuación

Historial de tus puntuaciones

No has tomado esta prueba